书目信息 |
| 题名: |
太平天国文献史料集
|
|
| 作者: | ;中国社会科学院近代史研究所近代史资料编辑室 编 | |
| 分册: | ||
| 出版信息: | 北京 中国社会科学出版社 1982 |
|
| 页数: | 401页 | |
| 开本: | 21cm | |
| 丛书名: | ||
| 单 册: | ||
| 中图分类: | K254.06 | |
| 科图分类: | ||
| 主题词: | 中国--历史--1840~1949 | |
| 电子资源: | ||
| ISBN: | ||
| 000 | 00905nam0 2200241 45 | |
| 001 | 0182000752 | |
| 005 | 20060813163924.79 | |
| 010 | @dCNY1.50 | |
| 091 | @a11190.082 | |
| 100 | @a19950525d1982 em y0chiy0121 ea | |
| 101 | 0 | @achi |
| 102 | @aCN@b110000 | |
| 105 | @ay z 000yy | |
| 200 | 10 | @a太平天国文献史料集@Atai ping tian guo wen xian shi liao ji@f中国社会科学院近代史研究所近代史资料编辑室编@Fzhong guo she hui ke xue yuan jin dai shi yan jiu suo jin dai shi zi liao bian ji shi bian |
| 210 | @a北京@c中国社会科学出版社@d1982 | |
| 215 | @a401页@d21cm | |
| 300 | @a近代史资料专刊 | |
| 606 | 0 | @a中国@x历史@z1840~1949 |
| 690 | @aK254.06@v4 | |
| 711 | 02 | @a中国社会科学院近代史研究所近代史资料编辑室@Azhong guo she hui ke xue yuan jin dai shi yan jiu suo jin dai shi zi liao bian ji shi@4编 |
| 801 | 0 | @aCN@b上海图书馆@c20060813 |
| 801 | 2 | @aCN@bNLC@c20060515 |
| 905 | @dK254.06@e14 | |
| 太平天国文献史料集/中国社会科学院近代史研究所近代史资料编辑室编.-北京:中国社会科学出版社,1982 |
| 401页;21cm |
| 近代史资料专刊 |
| ISBN :CNY1.50 |
| ● |
| 相关链接 |
|
|
|
|
正题名:太平天国文献史料集
索取号:K254.06/14
 
预约/预借
| 序号 | 登录号 | 条形码 | 馆藏地/架位号 | 状态 | 备注 |
| 1 | 0093735 | 001285861 | 第二借阅区/ [索取号:K254.06/14] | 在馆 | |
| 2 | 0093736 | 202352033 | 密集书库/ [索取号:K254.06/14] | 在馆 | |
| 3 | 0093737 | 001285870 | 第二样本阅览室/ [索取号:K254.06/14] | 在馆 | |
| 4 | 0255575 | 001285923 | 第二借阅区/ [索取号:K254.06/14] | 在馆 | |
| 5 | 0255576 | 001285852 | 第二借阅区/ [索取号:K254.06/14] | 在馆 | |
| 6 | 0462136 | 204621365 | 密集书库/ [索取号:K254.06/14] | 在馆 | |
| 7 | 0462137 | 204621374 | 密集书库/ [索取号:K254.06/14] | 在馆 |